000 00577nam a22001937a 4500
005 20250224113816.0
010 _aENG-143779
020 _c495.00
_a9789382841005
035 _aEN-127311
037 _bDBAD/PUB
082 _aS
100 _aR. Tagore
_978515
245 _aTagore's Golden Stories Collection
_cBy R.Tagore
_bClassic Stories From Master Storyteller
250 _a1
260 _aJaipur
_bSakshar Bharat
_c2018
270 _bJaipur
_a57,2nd Floor, Natani Bhawan, mishra Raja Ji Ka Rasta
_e302001
300 _a193pg.
_c22cm(pbk)
942 _2ddc
_cEN
_hS
_mTAG
999 _c209651
_d209651